[Event "Pfaeffikon Acrevis op 2nd"]
[Site "Pfaeffikon"]
[Date "2022.07.29"]
[Round "3"]
[White "Panda, Barnabas"]
[Black "Kuhn, Lukas"]
[Result "1/2-1/2"]
[WhiteElo "1785"]
[BlackElo "2026"]
[PlyCount "108"]
[EventDate "2022.07.28"]
[EventType "swiss"]
[EventRounds "6"]
[EventCountry "SUI"]
[SourceTitle "EXT 2023"]
[Source "ChessBase"]
[SourceDate "2022.10.05"]
[SourceVersion "1"]
[SourceVersionDate "2022.10.05"]
[SourceQuality "1"]

1. d4 d5 2. c4 e6 3. Nf3 Nf6 4. Nc3 Be7 5. Bf4 c6 6. e3 0-0 7. Bd3 dxc4 8. Bxc4 Nbd7 9. h3 Nd5 10. Bh2 Bb4 11. Bxd5 cxd5 12. 0-0 Nf6 13. Rc1 b6 14. a3 Bd6 15. Ne5 Nd7 16. Nb5 Bxe5 17. dxe5 Ba6 18. Qa4 Bxb5 19. Qxb5 Rc8 20. b4 Nb8 21. Qd3 Qd7 22. Bg3 Rc7 23. Rxc7 Qxc7 24. Rd1 Qc4 25. e4 Qxd3 26. Rxd3 dxe4 27. Re3 Rc8 28. Rxe4 Kf8 29. Rd4 Ke7 30. Kf1 Rc3 31. Bh4+ f6 32. exf6+ gxf6 33. a4 Nd7 34. Bg3 e5 35. Rh4 Nf8 36. f3 Kf7 37. Be1 Rc2 38. b5 Ra2 39. g3 Kg6 40. Rg4+ Kf7 41. Rh4 Kg7 42. Rg4+ Ng6 43. Rc4 Kh6 44. Rc7 Kg5 45. Rxa7 h5 46. h4+ Kf5 47. Ra6 e4 48. fxe4+ Kxe4 49. Rxb6 Kf5 50. a5 Ne5 51. Rd6 Nf3 52. Rd1 Nh2+ 53. Kg1 Nf3+ 54. Kf1 Nh2+ 1/2-1/2